LEADER 00795cam2 22002411 450 001 SOBE00066145 005 20240221101255.0 100 $a20210517d2005 |||||ita|0103 ba 101 $aita 102 $aIT 200 0 $a1$fFrancesco Petrarca 210 $aTorino$cG. Einaudi$d2005 215 $aCI, 854 p.$d23 cm 461 1$1001SOBE00066147$12001 $aCanzoniere : Rerum vulgarium fragmenta / Francesco Petrarca ; a cura di Rosanna Bettarini$v1 801 0$aIT$bUNISOB$c20240221$gRICA 850 $aUNISOB 852 $aUNISOB$j850$m174857 912 $aSOBE00066145 940 $aM 102 Monografia moderna SBN 941 $aW 957 $a850$b003727$i-1$gSI$d174857$n20210505$rAcquisto$tV$1menle$2UNISOB$3UNISOB$420210517085905.0$520240221101255.0$6Spinosa 996 $a1$961339 997 $aUNISOB